| Поле | Инд. | ПП | Название | Значение |
|---|---|---|---|---|
| Тип записи | a | |||
| Библиографический уровень | b | |||
| 001 | Контрольный номер | RU/IS/BASE/479481581 | ||
| 005 | Дата корректировки | 20250313171225.3 | ||
| 008 | Кодируемые данные | 20150312 | ||
| 040 | b | Код языка каталог. | rus | |
| e | Правила каталог. | PSBO | ||
| 041 | 0_ | a | Код языка текста | rus |
| 084 | a | Индекс другой классификации/Индекс ББК | 65.053 | |
| 100 | 1_ | a | Автор | Бессонов В. А. |
| q | Полное имя | Бессонов Владимир Аркадьевич | ||
| 245 | 10 | a | Заглавие | Сезонная корректировка как источник ложных сигналов |
| 504 | a | Библиография | Лит. в конце статьи | |
| 520 | 0_ | a | Аннотация | Проанализированы аберрации, возникающие при проведении сезонной корректировки экономических временных рядов в окрестности кризисов. Рассмотрены искажения, обусловленные резкими изменениями уровней временных рядов и их сезонных волн. Показано, что в таких условиях стандартные алгоритмы сезонной корректировки могут порождать ложные сигналы, имеющие характер предвестников кризиса и его вторых и последующих волн. Ложные сигналы рассмотрены как с позиций экономического историка, оперирующего длинными рядами давно устоявшихся данных, так и с позиций аналитика, проводящего мониторинг текущих краткосрочных тенденций. |
| 650 | a | Основная рубрика | экономика | |
| a | Основная рубрика | экономический анализ | ||
| 653 | 1_ | a | Ключевые слова | аберрации |
| a | Ключевые слова | временные ряды | ||
| a | Ключевые слова | мониторинг | ||
| a | Ключевые слова | сезонная корректировка | ||
| a | Ключевые слова | сезонные волны | ||
| a | Ключевые слова | экономическая статистика | ||
| a | Ключевые слова | экономический кризис | ||
| 700 | a | Автор | Петроневич А. В. | |
| q | Полное имя | Петроневич Анна Васильевна | ||
| 773 | 0_ | t | Заглавие источника | Экономический журнал ВШЭ |
| d | Дата издания источника | 2013 | ||
| g | Прочая информация | Т. 17, № 4. - С. 554 - 584 : граф. | ||
| w | Контрольный № источника | RU/IS/BASE/444496842 | ||
| 901 | t | Тип документа | b |